书目信息 |
| 题名: |
沙拉厨房
|
|
| 作者: | 鲁尔斯顿 著 ;伍月 译 | |
| 分册: | ||
| 出版信息: | 北京 机械工业出版社 2020 |
|
| 页数: | 230页 | |
| 开本: | 23cm | |
| 丛书名: | ||
| 单 册: | ||
| 中图分类: | TS972.118 , TS972.1 | |
| 科图分类: | ||
| 主题词: | 沙拉--菜谱 | |
| 电子资源: | ||
| ISBN: | 978-7-111-65495-7 | |
| 000 | 01061nam0 2200289 450 | |
| 001 | 2147484811 | |
| 005 | 20210104131141.51 | |
| 010 | @a978-7-111-65495-7@dCNY88.00 | |
| 100 | @a20200831d2020 em y0chiy50 ea | |
| 101 | 1 | @achi@ceng |
| 102 | @aCN@b110000 | |
| 105 | @aa z 000yy | |
| 200 | 1 | @a沙拉厨房@9sha la chu fang@b专著@f(澳)考特尼·鲁尔斯顿(Courtney Roulston)著@g伍月等译 |
| 210 | @a北京@c机械工业出版社@d2020 | |
| 215 | @a230页@c彩图,彩照@d23cm | |
| 305 | @a由New Holland Publishers Pty Ltd授权出版 | |
| 306 | @a本书限中国大陆发行 | |
| 312 | @a封面英文题名:The salad kitchen | |
| 330 | @a本书从沙拉制作的小窍门开始介绍,包括食材的处理、边角料的再利用等,然后介绍了常用沙拉酱汁的调配方法,最后按照食材分类,介绍了蛋类、海鲜类、肉类、蔬菜类等常见沙拉的制作方法。 | |
| 510 | 1 | @aSalad kitchen@zeng |
| 606 | 0 | @a沙拉@x菜谱 |
| 690 | @aTS972.118@v5 | |
| 690 | @aTS972.1@v4 | |
| 701 | 1 | @c(澳)@a鲁尔斯顿@9lu er si dun@g(Roulston, Courtney)@4著 |
| 702 | 0 | @a伍月@9wu yue@4译 |
| 801 | 2 | @aCN@b58marc.cn@c20201027 |
| 905 | @aMUSE@dTS972.1@e39 | |
| 沙拉厨房/(澳)考特尼·鲁尔斯顿(Courtney Roulston)著/伍月等译.-北京:机械工业出版社,2020 |
| 230页:彩图,彩照;23cm |
| ISBN 978-7-111-65495-7:CNY88.00 |
| 本书从沙拉制作的小窍门开始介绍,包括食材的处理、边角料的再利用等,然后介绍了常用沙拉酱汁的调配方法,最后按照食材分类,介绍了蛋类、海鲜类、肉类、蔬菜类等常见沙拉的制作方法。 |
| ● |
| 相关链接 |
|
|
|
正题名:沙拉厨房
索取号:TS972.1/39
 
预约/预借
| 序号 | 登录号 | 条形码 | 馆藏地/架位号 | 状态 | 备注 |
| 1 | 2000878511 | 2000878511 | 第二书库/ [索取号:TS972.1/39] | 在馆 | |
| 2 | 2000878512 | 2000878512 | 第二书库/ [索取号:TS972.1/39] | 在馆 | |
| 3 | 2000878513 | 2000878513 | 第二书库/ [索取号:TS972.1/39] | 在馆 |